| 000 | 00362nam a22001457a 4500 | ||
|---|---|---|---|
| 003 | OSt | ||
| 005 | 20220217143804.0 | ||
| 008 | 220217b |||||||| |||| 00| 0 eng d | ||
| 020 | _a093001104x | ||
| 040 | _cHU | ||
| 082 | _a658.562 | ||
| 100 |
_aPyzdek _930764 |
||
| 245 | _aPyzdek's Guide To Spc Volume Tow Applications & Special Topics | ||
| 942 |
_2ddc _cBOOKS _n0 |
||
| 999 |
_c30702 _d30702 |
||